• 首页
  • 本馆介绍
  • 公告通知
  • 最新文献
  • 馆藏检索
  • 电子资源
  • 读者导购
  • 参考咨询
  • 我的图书馆
  • 登录
  • 详细信息显示
  • 放入我的书架
  • 预约/预借图书
  • 作者相关作品
  • 分类相关作品
  • 丛书相关作品
  • 出版社相关作品

书目信息

  • 表格格式
  • 工作单格式
  • 卡片格式
题名:
图文新解园冶
    
 
作者: 赵农 编著
分册:  
出版信息: 南京   江苏凤凰科学技术出版社  2018
页数: 272页
开本: 23cm
丛书名:
单 册:
中图分类: TU986.2 , TU-098.42
科图分类:
主题词: 古典园林--gu dian yuan lin--造园林--中国--明代
电子资源:
ISBN: 978-7-5537-9395-5
000 01159nam0 2200265 450
001 012001001261
005 20131107173345.0
010    @a978-7-5537-9395-5@dCNY69.80
099    @aCAL 012019003175
100    @a20181019d2018 em y0chiy50 ea
101 0  @achi
102    @aCN@b320000
105    @aa z 000yy
106    @ar
200 1  @a图文新解园冶@Atu wen xin jie yuan ye@f赵农编著
210    @a南京@c江苏凤凰科学技术出版社@d2018
215    @a272页@c图 (部分彩图)@d23cm
330    @a本书是中国古代造园理论专著《园冶》新编, 通过经典注译和拓展内容, 图文结合重新解析品鉴古代园林艺术。本书是将园林创作实践总结提高到理论的著作, 分为园说和兴造论两部分, 从相地、立基、屋宇、装折、门窗、墙垣、铺地、掇山、选石、借景等方面论述了宅园、别墅营建的原理和具体手法, 同时绘制了200多幅造墙、铺地、造门窗等图案, 反映了中国古代造园的经验技术成就, 是一部研究古代园林的重要著作。
604    @1701 0@a计成,@Aji cheng@f1582-@150010@a园冶@x研究
606 0  @a古典园林@Agu dian yuan lin@x造园林@y中国@z明代
690    @aTU986.2@v4
690    @aTU-098.42@v4
701  0 @a赵农@Azhao nong@4编著
801  0 @aCN@b北京卓展@c20191020
905    @b1197881-4@dTU986.2@e1525@f4
    
    图文新解园冶/赵农编著.-南京:江苏凤凰科学技术出版社,2018
    272页:图 (部分彩图);23cm
    
    
    ISBN 978-7-5537-9395-5:CNY69.80
    本书是中国古代造园理论专著《园冶》新编, 通过经典注译和拓展内容, 图文结合重新解析品鉴古代园林艺术。本书是将园林创作实践总结提高到理论的著作, 分为园说和兴造论两部分, 从相地、立基、屋宇、装折、门窗、墙垣、铺地、掇山、选石、借景等方面论述了宅园、别墅营建的原理和具体手法, 同时绘制了200多幅造墙、铺地、造门窗等图案, 反映了中国古代造园的经验技术成就, 是一部研究古代园林的重要著作。
●
相关链接 在E读中查询图书 在五车中查询图书 在当当中查询图书 在豆瓣中查询图书


正题名:图文新解园冶     索取号:TU986.2/1525         预约/预借

序号 登录号 条形码 馆藏地/架位号 状态 备注
1 1197881   211978813   第二样本阅览室/ [索取号:TU986.2/1525] 在馆    
2 1197882   211978822   第三借阅区/ [索取号:TU986.2/1525] 在馆    
3 1197883   211978831   第三借阅区/ [索取号:TU986.2/1525] 在馆    
4 1197884   211978840   第三借阅区/ [索取号:TU986.2/1525] 在馆    
唐山师范学院图书馆 欢迎您!
大连网信软件有限公司© 版权所有